Computer Networking: Practice portfolio of latest questions / (Record no. 62869)
[ view plain ]
| 000 -LEADER | |
|---|---|
| fixed length control field | 00440nam a22001457a 4500 |
| 005 - DATE AND TIME OF LATEST TRANSACTION | |
| control field | 20120215135546.0 |
| 008 - FIXED-LENGTH DATA ELEMENTS--GENERAL INFORMATION | |
| fixed length control field | 120215t xxu||||| |||| 00| 0 eng d |
| 020 ## - INTERNATIONAL STANDARD BOOK NUMBER | |
| International Standard Book Number | 8178880032 |
| Terms of availability | 000.00 |
| 035 ## - SYSTEM CONTROL NUMBER | |
| System control number | B-59020 |
| 040 ## - CATALOGING SOURCE | |
| Original cataloging agency | DPL |
| Language of cataloging | ENG |
| 245 ## - TITLE STATEMENT | |
| Title | Computer Networking: Practice portfolio of latest questions / |
| 260 ## - PUBLICATION, DISTRIBUTION, ETC. (IMPRINT) | |
| Place of publication, distribution, etc | New Delhi |
| Name of publisher, distributor, etc | Dominant Publishers |
| Date of publication, distribution, etc | 2001 |
| 300 ## - PHYSICAL DESCRIPTION | |
| Extent | 240p. |
| Dimensions | 23cms |
| 942 ## - ADDED ENTRY ELEMENTS (KOHA) | |
| Source of classification or shelving scheme | Dewey Decimal Classification |
| Item type | English Books |
| Classification part | 005.754 |
| Call number suffix | COM |
No items available.
